00952 a2200157 45000010006000000050017000060080041000230030015000640400040000790800040001192450039001592640047001983000019002455050498002641000032007623086720260407155617.0260407a1954 arg spa dAR-UNSa-BCEJYS aAR-UNSa-BCEJYSbspacAR-UNSa-BCEJYS a657.474xTratamiento de los costos 10aContabilidad industrial mecanizada 1aBuenos Aires :bSelección Contablec1954 a455 p.c23 cm. a1. El origen de la contabilidad industrial - 2. Generalidades sobre costos - 3. Remuneración - 4. Contabilización de la mano de obra - 5. Almacenes - 6. Apropiación de materias primas y materiales - 7. Gastos - 8. Costos indirectos - 9. Ordenes terminadas - 10. Formas particulares de costo - 11. Los sistemas de costo y su utilidad como medida de la eficiencia industrial - 12. Contabilidad general - 13. Controles varios - 14. Maquinas y equipos utilizados en contabilidad industrial 1 aCorbisier Gallo, Gabriel E.